| 000 | 00758nam a2200217 i 4500 | ||
|---|---|---|---|
| 001 | 164281 | ||
| 003 | ES-MaACL | ||
| 005 | 20250807072459.0 | ||
| 008 | 141112s2014 sp |||| | spa d | ||
| 020 | _a978-84-415-3549-7 | ||
| 080 | _a133.2 | ||
| 100 | 1 |
_aPertierra Quesada, Miguel Ángel. _9155891 |
|
| 245 | 1 | 3 |
_aLa última puerta _b: experiencias cercanas a la muerte / _cMiguel Ángel Pertierra Quesada ; prólogo de Enrique de Vicente. |
| 260 |
_a[Madrid] : _bOberon, _c[2014] |
||
| 300 |
_a286 p. ; _c23 cm. |
||
| 650 | 0 | 7 |
_aExperiencias cercanas a la muerte _2embne _912692 |
| 700 | 1 |
_aVicente, Enrique de. _9147834 |
|
| 852 |
_aES-MaACL _jA-13308 _9150154 _bR.150154 _cDEPO1 _dOlim: N-6308 |
||
| 942 |
_2udc _cMONOGRAFIA |
||
| 999 |
_c164281 _d164281 |
||